[Event "12. OSIJEK OPEN "]
[Site "Osijek"]
[Date "2019.02.23"]
[Round "5.9"]
[White "Marjanovic, Annamaria"]
[Black "Jurakic, Lukas"]
[Result "1-0"]
[WhiteElo "2320"]
[BlackElo "1850"]
[PlyCount "109"]
[EventDate "2019.02.21"]

1. c4 Nf6 2. g3 g6 3. Bg2 Bg7 4. Nc3 O-O 5. d3 d6 6. Rb1 e5 7. Nf3 Re8 8. O-O
Nc6 9. b4 e4 10. dxe4 Nxe4 11. Nxe4 Rxe4 12. Nd2 Re8 13. b5 Ne5 14. Bb2 Rb8 15.
h3 Qe7 16. Qc2 Nd7 17. Bxg7 Kxg7 18. Rbe1 a6 19. a4 Nc5 20. e4 axb5 21. axb5 c6
22. f4 Bd7 23. Kh2 Kg8 24. Qb1 f6 25. Re3 d5 26. cxd5 cxd5 27. Ree1 d4 28. Qb4
Rbd8 29. e5 f5 30. Nc4 Nd3 31. Qxe7 Rxe7 32. Rb1 Rc8 33. Nb6 Rc2 34. Nd5 Rf7
35. Rfd1 Be6 36. Nb6 Ba2 37. Ra1 Nc5 38. Rxd4 Kg7 39. Rad1 Rb2 40. Nc8 Kh6 41.
R4d2 Bb3 42. Rxb2 Bxd1 43. Nd6 Re7 44. Rb1 Be2 45. b6 Ba6 46. Rc1 Ne6 47. Bd5
Kg7 48. Bxe6 Rxe6 49. Rc7+ Kg8 50. Kg2 g5 51. Rc8+ Kg7 52. Nxf5+ Kg6 53. Nd6
gxf4 54. Rg8+ Kh5 55. g4+ 1-0

[Event "12. OSIJEK OPEN"]
[Site "Osijek"]
[Date "2019.02.23"]
[Round "5.10"]
[White "Masirevic, Miroljub"]
[Black "Tomasic, Roland"]
[Result "0-1"]
[WhiteElo "1861"]
[BlackElo "2157"]
[PlyCount "93"]
[EventDate "2019.02.21"]

1. e4 c5 2. Nf3 d6 3. d4 cxd4 4. Nxd4 Nf6 5. Nc3 Bd7 6. Be3 Ng4 7. Qd2 Nxe3 8.
Qxe3 g6 9. Bb5 Bg7 10. Bxd7+ Qxd7 11. O-O Nc6 12. Nce2 O-O 13. c3 Qc7 14. Kh1
Rfd8 15. a4 a6 16. Nxc6 bxc6 17. a5 Rdb8 18. Qd2 Ra7 19. Ra2 Rab7 20. g3 Bf6
21. f4 Rb5 22. Rfa1 c5 23. Kg2 Qb7 24. Kf3 Rxb2 25. Rxb2 Qxb2 26. Qxb2 Rxb2 27.
Ra3 h5 28. h4 e6 29. Ke3 d5 30. e5 Bd8 31. Nc1 c4 32. Ra4 Be7 33. Ne2 Bc5+ 34.
Nd4 Rb3 35. Kd2 Bxd4 36. cxd4 Kf8 37. Kc2 Ke7 38. Ra1 Kd7 39. Rg1 Rb5 40. g4
hxg4 41. Rxg4 Rxa5 42. h5 gxh5 43. Rh4 Ra3 44. Rxh5 Rf3 45. Rh4 a5 46. Rh8 Rxf4
47. Ra8 0-1

[Event "12. OSIJEK OPEN"]
[Site "Osijek"]
[Date "2019.02.23"]
[Round "5.11"]
[White "Grguric, Stjepan-Kresimir"]
[Black "Franc, Borna"]
[Result "1-0"]
[WhiteElo "2119"]
[BlackElo "1851"]
[PlyCount "69"]
[EventDate "2019.02.21"]

1. e4 e5 2. Nf3 Nc6 3. Bc4 Bc5 4. c3 Nf6 5. d4 exd4 6. cxd4 Bb4+ 7. Bd2 Bxd2+
8. Nbxd2 d6 9. h3 O-O 10. O-O d5 11. exd5 Nxd5 12. Ne4 Re8 13. Re1 Bf5 14. Ng3
Rxe1+ 15. Qxe1 Be6 16. Qd2 h6 17. Rc1 Qd7 18. Bb5 f6 19. Ne4 Bxh3 20. gxh3 Qxh3
21. Ng3 h5 22. Bf1 Qg4 23. Nh2 Qg6 24. Bg2 Rd8 25. Be4 Qf7 26. Nf3 g5 27. Nf5
Qe6 28. Re1 Kh8 29. Ng3 Qg4 30. Nh2 Qh4 31. Bxd5 Rxd5 32. Re4 Qh3 33. Qe3 h4
34. Re8+ Kg7 35. Nh5+ 1-0

[Event "12. OSIJEK OPEN "]
[Site "Osijek"]
[Date "2019.02.23"]
[Round "5.12"]
[White "Damjanovic, Stjepan"]
[Black "Kovacevic, Srecko"]
[Result "0-1"]
[WhiteElo "1726"]
[BlackElo "2087"]
[PlyCount "108"]
[EventDate "2019.02.21"]

1. e4 c6 2. d4 d5 3. exd5 cxd5 4. Bd3 Nc6 5. c3 Nf6 6. Bf4 Bg4 7. f3 Bh5 8. Na3
Rc8 9. Ne2 e6 10. O-O Be7 11. Qb3 Qd7 12. Bg3 Bg6 13. Nf4 Nh5 14. Nxh5 Bxh5 15.
Qd1 O-O 16. Nc2 Bd6 17. Qe1 Bg6 18. Bxg6 hxg6 19. Ne3 b5 20. b4 Ne7 21. Rc1 Rc7
22. a3 Rfc8 23. Nd1 Nf5 24. Bf2 Bf4 25. Rc2 Qd6 26. g3 Bg5 27. g4 Ne7 28. Bg3
Bf4 29. Kg2 g5 30. Qf2 Ng6 31. Qe1 a5 32. Ra2 Ra7 33. Rc2 axb4 34. axb4 Ra1 35.
Qe2 Qa6 36. Nf2 Rxf1 37. Qxf1 Qa4 38. Qe2 Ra8 39. Nd3 Bxg3 40. hxg3 Qb3 41. Qd2
Ra1 42. Kf2 Qc4 43. Rc1 Ra2 44. Rc2 Ra3 45. Kg2 Ne7 46. Ne5 Qb3 47. Kf2 f6 48.
Nd3 Ra1 49. Qe2 Rh1 50. Kg2 Qb1 51. Qf2 Rg1+ 52. Kh2 Rf1 53. Qg2 Rh1+ 54. Qxh1
Qxc2+ 0-1

[Event "12. OSIJEK OPEN"]
[Site "Osijek"]
[Date "2019.02.23"]
[Round "5.13"]
[White "Vurdelja, Slavko"]
[Black "Horvat, Damjan"]
[Result "0-1"]
[WhiteElo "1840"]
[BlackElo "2049"]
[PlyCount "102"]
[EventDate "2019.02.21"]

1. e4 b6 2. d4 Bb7 3. Nc3 e6 4. Nf3 Bb4 5. Bd3 Nf6 6. Qe2 d5 7. e5 Ne4 8. Bd2
Nxd2 9. Qxd2 Ba6 10. a3 Be7 11. Bxa6 Nxa6 12. Ne2 c5 13. c3 cxd4 14. cxd4 Rc8
15. O-O O-O 16. Rac1 Qd7 17. Qd3 Nb8 18. h4 Nc6 19. b4 b5 20. Qxb5 Nxe5 21.
Qxd7 Nxd7 22. g3 Bd6 23. Nc3 Nb6 24. Nb1 f6 25. Nfd2 Kf7 26. f4 h5 27. Nb3 Nc4
28. Nc5 Ne3 29. Rf3 Nf5 30. Rd3 g5 31. hxg5 fxg5 32. Re1 gxf4 33. gxf4 Rce8 34.
Nd7 Rg8+ 35. Kf2 Bxf4 36. Ne5+ Kf6 37. Rh1 Bg3+ 38. Ke2 Nxd4+ 39. Rxd4 Kxe5 40.
Rd3 h4 41. Nd2 Rg4 42. Nf3+ Kd6 43. Nd2 Rf8 44. Rg1 Rf2+ 45. Kd1 Rgf4 46. Kc1
Kd7 47. Kc2 Re2 48. Kb3 Ref2 49. Ka4 Ke7 50. Rc1 Rf7 51. Rc7+ Bxc7 0-1

[Event "12. OSIJEK OPEN "]
[Site "Osijek"]
[Date "2019.02.23"]
[Round "5.14"]
[White "Marjanovic, Gyorgy"]
[Black "Tomasic, Dragutin"]
[Result "1-0"]
[WhiteElo "2034"]
[BlackElo "1837"]
[PlyCount "97"]
[EventDate "2019.02.21"]

1. e4 c5 2. Nf3 a6 3. c3 Nf6 4. e5 Nd5 5. d4 cxd4 6. cxd4 d6 7. Nc3 Nxc3 8.
bxc3 dxe5 9. Nxe5 Nd7 10. Nf3 e6 11. Bd3 Be7 12. O-O Qa5 13. Bd2 Nf6 14. Qe2
Qc7 15. c4 O-O 16. Bg5 h6 17. Bh4 Rd8 18. Rfe1 Re8 19. c5 Qd8 20. Rab1 Nh7 21.
Bxe7 Rxe7 22. Rb6 Nf8 23. Reb1 Qc7 24. Be4 Ra7 25. Ne5 f6 26. Nc4 e5 27. Nd6
Be6 28. Rxb7 Qa5 29. Rxa7 Rxa7 30. Nc4 Qc3 31. d5 Bf7 32. g4 Qd4 33. Rd1 Qxc5
34. Ne3 g6 35. h4 Kg7 36. h5 Qb4 37. hxg6 Nxg6 38. Nf5+ Kf8 39. Rb1 Qc5 40. Qe3
Qxe3 41. fxe3 Rd7 42. Rb6 Ne7 43. Rxf6 Nxd5 44. Rxh6 Nc3 45. Bc6 Rd1+ 46. Kf2
Bxa2 47. Rf6+ Kg8 48. Kg3 a5 49. Kh4 1-0

[Event "12. OSIJEK OPEN "]
[Site "Osijek"]
[Date "2019.02.23"]
[Round "5.15"]
[White "Marjanovic, Alex"]
[Black "Mandic, Bojan"]
[Result "0-1"]
[WhiteElo "1538"]
[BlackElo "2003"]
[PlyCount "47"]
[EventDate "2019.02.21"]

1. e4 e5 2. Nf3 Nf6 3. Nxe5 d6 4. Nf3 Nxe4 5. d4 d5 6. Bd3 Be7 7. Nbd2 Nxd2 8.
Bxd2 Nc6 9. h3 Nb4 10. Be2 Bf5 11. Bxb4 Bxb4+ 12. c3 Be7 13. O-O O-O 14. Ne5 f6
15. Nd3 c6 16. Bg4 Qd7 17. Bxf5 Qxf5 18. Re1 Bd6 19. Qe2 Kf7 20. Qc2 Rae8 21.
Ne5+ Rxe5 22. dxe5 Qxc2 23. exd6 Re8 24. Rac1 0-1

[Event "12. OSIJEK OPEN "]
[Site "Osijek"]
[Date "2019.02.23"]
[Round "5.16"]
[White "Bevanda, Ema"]
[Black "Borzan, Andrej"]
[Result "1/2-1/2"]
[WhiteElo "1634"]
[BlackElo "1900"]
[PlyCount "71"]
[EventDate "2019.02.21"]

1. d4 Nf6 2. Bf4 g6 3. e3 Bg7 4. Nf3 d6 5. h3 O-O 6. Be2 c5 7. c4 cxd4 8. exd4
Nc6 9. Nc3 Nh5 10. Bh2 Qb6 11. Na4 Qb4+ 12. Kf1 Bd7 13. a3 Qa5 14. b4 Qd8 15.
Nb2 e5 16. dxe5 Nxe5 17. Nxe5 dxe5 18. Bxh5 gxh5 19. Qxh5 f5 20. Qe2 Qf6 21.
Rd1 Be6 22. Bg1 Rfd8 23. g4 f4 24. Re1 f3 25. Qe3 Rd4 26. Bh2 e4 27. Qc1 Bxc4+
28. Nxc4 Rc8 29. Be5 Rdxc4 30. Qxc4+ Rxc4 31. Bxf6 Bxf6 32. Kg1 Bb2 33. Kh2
Be5+ 34. Kg1 Bb2 35. Kh2 Be5+ 36. Kg1 1/2-1/2

[Event "12. OSIJEK OPEN "]
[Site "Osijek"]
[Date "2019.02.23"]
[Round "5.17"]
[White "Benes, Miodrag"]
[Black "Matota, Dominik"]
[Result "1/2-1/2"]
[WhiteElo "1867"]
[BlackElo "1530"]
[PlyCount "51"]
[EventDate "2019.02.21"]

1. Nf3 Nc6 2. g3 e5 3. d3 d5 4. Bg2 Nf6 5. O-O Bf5 6. Nh4 Be6 7. Nd2 Qd7 8. e4
Bh3 9. c3 O-O-O 10. Qa4 g5 11. Nhf3 Bxg2 12. Kxg2 Rg8 13. b4 dxe4 14. dxe4 g4
15. Nh4 Qd3 16. b5 Nb8 17. Qxa7 Bh6 18. Nf5 Bxd2 19. Ne7+ Kd7 20. Nxg8 Rxg8 21.
Bxd2 Nxe4 22. Be3 Nxc3 23. Qxb7 Ke6 24. Qxc7 Qe4+ 25. f3 Qxe3 26. fxg4 1/2-1/2

[Event "12. OSIJEK OPEN "]
[Site "Osijek"]
[Date "2019.02.23"]
[Round "5.18"]
[White "Maroslavac, Ivana"]
[Black "Cubelic, Milan"]
[Result "0-1"]
[WhiteElo "1753"]
[BlackElo "2092"]
[PlyCount "76"]
[EventDate "2019.02.21"]

1. e4 c6 2. d4 d6 3. Nf3 g6 4. h3 Bg7 5. c3 Nf6 6. Bd3 O-O 7. O-O Nbd7 8. Be3
h6 9. Re1 Qc7 10. a4 e5 11. Nbd2 Re8 12. Rc1 Nf8 13. Nc4 g5 14. dxe5 dxe5 15.
Qe2 Ng6 16. Bc2 g4 17. hxg4 Bxg4 18. Ncd2 Nh5 19. Qf1 Kh7 20. Nh2 Be6 21. g3
Rg8 22. Bd1 Nf6 23. Bf3 Rad8 24. Qe2 Qc8 25. Rcd1 Bf8 26. Kh1 b6 27. Rg1 c5 28.
c4 Ne7 29. Bg2 Nc6 30. Ndf3 Rxd1 31. Rxd1 Ng4 32. Bd2 Nd4 33. Nxd4 cxd4 34. b3
Bc5 35. Nxg4 Bxg4 36. Bf3 d3 37. Qxd3 Bxf3+ 38. Qxf3 Qh3+ 0-1

[Event "12. OSIJEK OPEN"]
[Site "Osijek"]
[Date "2019.02.23"]
[Round "5.19"]
[White "Colev, Ivor"]
[Black "Grguric, Damir"]
[Result "0-1"]
[WhiteElo "1685"]
[BlackElo "1991"]
[PlyCount "74"]
[EventDate "2019.02.21"]

1. e4 e6 2. d4 d5 3. Nd2 c5 4. exd5 Qxd5 5. dxc5 Bxc5 6. Bc4 Qxg2 7. Qf3 Qxf3
8. Ngxf3 Nc6 9. Ne4 Be7 10. Bf4 Nf6 11. Nd6+ Kf8 12. Ng5 Nh5 13. Nxc8 Rxc8 14.
Be3 Nb4 15. Bb3 Nxc2+ 16. Bxc2 Rxc2 17. Rb1 b6 18. Ne4 Rc6 19. O-O Nf6 20. Nc3
Bc5 21. Bg5 Ke7 22. Rbd1 h6 23. Bh4 g5 24. Bg3 Nh5 25. Rd3 Rd8 26. Rxd8 Kxd8
27. Rd1+ Ke7 28. Kf1 f5 29. Be5 Bd6 30. Bd4 Bxh2 31. Kg2 Bb8 32. Rh1 Nf4+ 33.
Kf3 e5 34. Be3 Kf7 35. Bxf4 exf4 36. Nd5 g4+ 37. Ke2 f3+ 0-1

[Event "12. OSIJEK OPEN "]
[Site "Osijek"]
[Date "2019.02.23"]
[Round "5.21"]
[White "Zorman, Antun"]
[Black "Cupic, Tvrtko"]
[Result "0-1"]
[WhiteElo "1918"]
[BlackElo "1714"]
[PlyCount "67"]
[EventDate "2019.02.21"]

1. e4 e5 2. Nf3 Nc6 3. c3 Nf6 4. Bd3 Bc5 5. Bc2 d6 6. h3 O-O 7. O-O Re8 8. Re1
h6 9. a4 a6 10. b4 Ba7 11. d3 Ne7 12. Bb3 Ng6 13. Nh2 c5 14. bxc5 Bxc5 15. Bc4
Rb8 16. Qc2 b5 17. axb5 axb5 18. Bb3 Qb6 19. Be3 Bxe3 20. Rxe3 Nf4 21. Nd2 Be6
22. Rb1 d5 23. Ba4 Bd7 24. c4 d4 25. Ree1 N6h5 26. Bxb5 Qg6 27. g4 Nxh3+ 28.
Kf1 Rxb5 29. Rxb5 Bxg4 30. Ndf3 Bxf3 31. Nxf3 N5f4 32. Re2 Qg2+ 33. Ke1 Qxf3
34. Kd1 0-1

[Event "12. OSIJEK OPEN "]
[Site "Osijek"]
[Date "2019.02.23"]
[Round "5.22"]
[White "Vucenovic, Damian"]
[Black "Ronta, Ivan"]
[Result "0-1"]
[WhiteElo "1842"]
[BlackElo "1711"]
[PlyCount "120"]
[EventDate "2019.02.21"]

1. e4 d5 2. exd5 Nf6 3. Nc3 Nxd5 4. Nxd5 Qxd5 5. d4 Nc6 6. Be3 Bf5 7. c3 O-O-O
8. Nf3 e5 9. Be2 exd4 10. Bxd4 Nxd4 11. cxd4 Bb4+ 12. Kf1 Be4 13. Qa4 Bxf3 14.
Bxf3 Qxd4 15. Qc2 Qd3+ 16. Qxd3 Rxd3 17. a3 Bc5 18. Ke2 Rhd8 19. Rad1 Rxd1 20.
Rxd1 Rxd1 21. Kxd1 Bxf2 22. Ke2 Bd4 23. b3 f5 24. Bd5 f4 25. Kf3 Be3 26. g3 Bg1
27. gxf4 Bxh2 28. f5 Be5 29. Ke4 Bf6 30. Bf7 Kd7 31. Kd5 c6+ 32. Ke4 b5 33. a4
a6 34. axb5 axb5 35. Be6+ Kd6 36. Bf7 Kc5 37. Kd3 Kb4 38. Kc2 c5 39. Kd3 h5 40.
Kc2 h4 41. Bh5 h3 42. Bf3 h2 43. Bd5 c4 44. bxc4 bxc4 45. Be4 Kc5 46. Kd2 Kd4
47. Bg2 Ke5 48. Kc3 Kxf5+ 49. Kxc4 Kf4 50. Kd3 Kg3 51. Ba8 Kf2 52. Kd2 Kg1 53.
Ke2 h1=Q 54. Bf3 Qh2+ 55. Kd1 Kf1 56. Bg4 Bc3 57. Bh3+ Kg1 58. Bg2 Qxg2 59. Kc1
Qd2+ 60. Kb1 Qb2# 0-1

[Event "12. OSIJEK OPEN "]
[Site "Osijek"]
[Date "2019.02.23"]
[Round "5.23"]
[White "Horvat, Denis"]
[Black "Cvijanovic, Srecko"]
[Result "0-1"]
[WhiteElo "1592"]
[BlackElo "1835"]
[PlyCount "83"]
[EventDate "2019.02.21"]

1. e4 e6 2. d4 d5 3. e5 c5 4. c3 Nc6 5. Nf3 Qb6 6. Bd3 Bd7 7. dxc5 Bxc5 8. O-O
Qc7 9. Qe2 f6 10. exf6 gxf6 11. Be3 Bxe3 12. fxe3 O-O-O 13. Nd4 e5 14. Nb5 Qb8
15. c4 Nce7 16. cxd5 Bxb5 17. Bxb5 Qd6 18. e4 Kb8 19. Nc3 Ng6 20. Rac1 h5 21.
Rc2 N8e7 22. Qf2 Nf4 23. Qe3 h4 24. Rfc1 Rdg8 25. Bf1 a6 26. Na4 Nc8 27. Rc7
Qxc7 28. Rxc7 Kxc7 29. Nc5 Nxg2 30. Ne6+ Kd7 31. Bxg2 h3 32. Nc5+ Kc7 33. Ne6+
Kb8 34. b4 Rxg2+ 35. Kh1 Rhg8 36. a4 Rb2 37. Qc1 Rxb4 38. Qc7+ Ka8 39. Qc2 Nd6
40. a5 Nxe4 41. Nc7+ Kb8 42. Ne6 0-1

[Event "12. OSIJEK OPEN "]
[Site "Osijek"]
[Date "2019.02.23"]
[Round "5.24"]
[White "Kovac, Petar"]
[Black "Juric, Ester"]
[Result "1-0"]
[WhiteElo "1795"]
[BlackElo "1557"]
[PlyCount "65"]
[EventDate "2019.02.21"]

1. d4 d5 2. c4 e6 3. Nc3 Nf6 4. cxd5 exd5 5. Bg5 Be7 6. e3 c6 7. Bd3 Be6 8.
Nge2 h6 9. Bh4 Bd6 10. O-O O-O 11. f3 Be7 12. Rc1 Nbd7 13. Bf2 Nb6 14. Bb1 Re8
15. Kh1 Bf8 16. e4 dxe4 17. fxe4 Qd7 18. Qc2 g6 19. Bg1 Bg7 20. Rcd1 Qe7 21. h3
Rad8 22. Rfe1 Rc8 23. Nf4 Qf8 24. Qf2 Rcd8 25. Qg3 g5 26. Nxe6 Rxe6 27. e5 Nfd5
28. Qd3 Qe8 29. Qh7+ Kf8 30. Rf1 Re7 31. g3 Rdd7 32. Bg6 Qd8 33. Ne4 1-0

[Event "12. OSIJEK OPEN "]
[Site "Osijek"]
[Date "2019.02.23"]
[Round "5.25"]
[White "Sokcevic, Dario"]
[Black "Ljubicic, Ninoslav"]
[Result "1-0"]
[WhiteElo "1528"]
[BlackElo "1763"]
[PlyCount "109"]
[EventDate "2019.02.21"]

1. e4 g6 2. d4 Bg7 3. Nf3 e6 4. Be3 Ne7 5. Nc3 d6 6. Qd2 a6 7. Bh6 O-O 8. Bxg7
Kxg7 9. h4 Nd7 10. h5 Ng8 11. hxg6 fxg6 12. O-O-O h6 13. Bd3 e5 14. Rh2 exd4
15. Nxd4 Ne5 16. f3 Nxd3+ 17. cxd3 c6 18. Rdh1 g5 19. g4 Qf6 20. Nf5+ Bxf5 21.
gxf5 Rf7 22. f4 Kf8 23. fxg5 Qxg5 24. Qxg5 hxg5 25. Rg1 Rg7 26. Rhg2 Kf7 27.
Rxg5 Rxg5 28. Rxg5 Nf6 29. Kd2 Rh8 30. Rg2 Re8 31. Re2 b5 32. b4 a5 33. a3 axb4
34. axb4 Ra8 35. d4 Rd8 36. Kd3 Ng4 37. Ra2 Rd7 38. Ra6 Rc7 39. Ke2 Nf6 40. Kf3
Nd7 41. Kf4 Nb8 42. Ra8 Nd7 43. Rh8 Kg7 44. Rd8 Kf6 45. Rg8 Kf7 46. Rg6 Nf6 47.
e5 dxe5+ 48. dxe5 Nd5+ 49. Nxd5 cxd5 50. e6+ Kf8 51. Ke5 Rc4 52. Kxd5 Rxb4 53.
f6 Rf4 54. Ke5 Rf1 55. e7+ 1-0

[Event "12. OSIJEK OPEN "]
[Site "Osijek"]
[Date "2019.02.23"]
[Round "5.26"]
[White "Borzan, Matej"]
[Black "Oberman, Hotimir"]
[Result "1-0"]
[WhiteElo "1494"]
[BlackElo "1957"]
[PlyCount "107"]
[EventDate "2019.02.21"]

1. d4 Nf6 2. c4 e6 3. Nc3 Bb4 4. Qc2 b6 5. Bd2 Bb7 6. e3 c5 7. Nf3 Nc6 8. Be2
O-O 9. O-O cxd4 10. Nxd4 Rc8 11. a3 Be7 12. Qd3 Ne5 13. Qc2 Nxc4 14. Bxc4 Rxc4
15. Qd3 Rc5 16. Nce2 Be4 17. Qb3 Rg5 18. Ng3 Bd5 19. Qb5 Ne4 20. Bb4 Bb7 21.
Bxe7 Qxe7 22. Qd3 Nc5 23. Qd2 e5 24. b4 Ne4 25. Ndf5 Qe6 26. Qd3 Nxg3 27. Nxg3
h5 28. e4 h4 29. Nf5 Rg4 30. f3 Rg5 31. Nxh4 d5 32. Nf5 d4 33. Rac1 g6 34. Nh6+
Kg7 35. Ng4 f5 36. Nf2 Rf7 37. Rfe1 Qf6 38. Rc2 Rh5 39. exf5 gxf5 40. Rce2 e4
41. fxe4 Rg5 42. Rd1 Rd7 43. g3 f4 44. Nh3 Rg4 45. Qf3 Rg6 46. Nxf4 Kg8 47. Rf2
Rg5 48. Qb3+ Kh7 49. Nh3 Qe5 50. Nxg5+ Qxg5 51. Rf7+ Kh8 52. Rxd7 Bxe4 53. Qf7
Qe3+ 54. Qf2 1-0

[Event "12. OSIJEK OPEN "]
[Site "Osijek"]
[Date "2019.02.23"]
[Round "5.27"]
[White "Pralija, Marin"]
[Black "Dubrovic, Mihovil"]
[Result "0-1"]
[WhiteElo "1693"]
[BlackElo "1911"]
[PlyCount "50"]
[EventDate "2019.02.21"]

1. d4 Nf6 2. c4 e6 3. a3 b6 4. Nc3 Bb7 5. f3 d5 6. Bg5 Be7 7. e3 Nbd7 8. Bxf6
Nxf6 9. cxd5 Nxd5 10. Nxd5 Qxd5 11. e4 Qh5 12. g3 O-O 13. Be2 c5 14. Rc1 Rfd8
15. Qb3 Rxd4 16. Rd1 Rxd1+ 17. Bxd1 Rd8 18. Ne2 Qe5 19. O-O Bf6 20. Qa4 a6 21.
b3 h6 22. h4 Kf8 23. Qc4 Qa1 24. Bc2 Qxa3 25. f4 b5 0-1

[Event "12. OSIJEK OPEN"]
[Site "Osijek"]
[Date "2019.02.23"]
[Round "5.28"]
[White "Raguz, Ivanka"]
[Black "Turicar, Goran"]
[Result "1-0"]
[WhiteElo "1669"]
[BlackElo "1866"]
[PlyCount "61"]
[EventDate "2019.02.21"]

1. d4 d5 2. c4 e6 3. Nc3 Nf6 4. Bg5 c6 5. e3 Nbd7 6. Nf3 Qa5 7. Bd3 dxc4 8. Bc2
Bb4 9. O-O Bxc3 10. bxc3 Qxc3 11. Rc1 Qa5 12. Bb1 b5 13. e4 h6 14. Bh4 O-O 15.
e5 Nd5 16. Qc2 g6 17. Qe4 Bb7 18. Qg4 Kg7 19. Rfe1 Nb4 20. Bf6+ Nxf6 21. exf6+
Kxf6 22. Bxg6 Qc7 23. Ne5 fxg6 24. Qxg6+ Ke7 25. Qxh6 Kd6 26. Nxc4+ Kd7 27.
Qxe6+ Kd8 28. Nd6 Bc8 29. Qh6 Qd7 30. Qxf8+ Kc7 31. Re7 1-0

[Event "12. OSIJEK OPEN"]
[Site "Osijek"]
[Date "2019.02.23"]
[Round "5.29"]
[White "Mikic, Ivana"]
[Black "Topalic, Fran"]
[Result "1/2-1/2"]
[WhiteElo "1812"]
[BlackElo "1504"]
[PlyCount "68"]
[EventDate "2019.02.21"]

1. e4 e5 2. Nf3 Nc6 3. Bb5 a6 4. Ba4 Nf6 5. d3 d6 6. O-O b5 7. Bb3 Be7 8. c3
O-O 9. Re1 Na5 10. Bc2 c5 11. d4 Nc6 12. d5 Na7 13. Nbd2 Bd7 14. Nf1 Nc8 15.
Ng3 Re8 16. h3 Nb6 17. Nh2 Qc7 18. Qf3 b4 19. cxb4 cxb4 20. Qe2 Rec8 21. Bd3 a5
22. f4 Qa7 23. Kh1 exf4 24. Bxf4 a4 25. Be3 Qb7 26. Rac1 Rxc1 27. Rxc1 a3 28.
b3 Rc8 29. Rxc8+ Bxc8 30. Qc2 Nbd7 31. Nf5 Bf8 32. Nd4 Ne5 33. Nc6 Nxd3 34.
Qxd3 Bd7 1/2-1/2

[Event "12. OSIJEK OPEN "]
[Site "Osijek"]
[Date "2019.02.23"]
[Round "5.30"]
[White "Mandaric, Fran"]
[Black "Matanovic, Pavo"]
[Result "0-1"]
[WhiteElo "1653"]
[BlackElo "1809"]
[PlyCount "74"]
[EventDate "2019.02.21"]

1. e4 e5 2. Nf3 Nc6 3. Bc4 Bc5 4. O-O d6 5. c3 Qf6 6. d3 h6 7. b4 Bb6 8. Bb2
Bg4 9. Nbd2 Nge7 10. h3 h5 11. Qc2 Ng6 12. d4 Nf4 13. Kh2 Nxh3 14. gxh3 Bxf3
15. Nxf3 Qxf3 16. Rad1 O-O-O 17. Qe2 Qf4+ 18. Kh1 g5 19. Qe3 Qf6 20. f3 Rdg8
21. Rd2 Qe7 22. Rh2 Nd8 23. Rg1 Ne6 24. Bxe6+ fxe6 25. Rhg2 exd4 26. cxd4 e5
27. Rxg5 Rxg5 28. Rxg5 Qe6 29. Rf5 Qxa2 30. Bc3 exd4 31. Bxd4 Bxd4 32. Qxd4 Rg8
33. Rg5 Rxg5 34. Qh8+ Qg8 35. Qa1 Qb3 36. Qh8+ Rg8 37. Qxg8+ Qxg8 0-1

[Event "12. OSIJEK OPEN"]
[Site "Osijek"]
[Date "2019.02.23"]
[Round "5.34"]
[White "Fures, Ivica"]
[Black "Martinovic, Josip"]
[Result "1-0"]
[WhiteElo "1871"]
[BlackElo "1623"]
[PlyCount "91"]
[EventDate "2019.02.21"]

1. c4 Nf6 2. Nc3 g6 3. d4 Bg7 4. e4 d6 5. Nf3 O-O 6. Be2 Nc6 7. d5 Nb8 8. O-O
c5 9. Ne1 Na6 10. Be3 Bd7 11. a3 Qc8 12. f3 Nc7 13. Rb1 Rb8 14. b4 b6 15. Nd3
Nh5 16. Qd2 Qa6 17. Rfc1 Rfd8 18. b5 Qc8 19. Kh1 a5 20. g4 Nf6 21. Bh6 e6 22.
Bxg7 Kxg7 23. Qb2 e5 24. Nf2 h5 25. g5 Nh7 26. h4 Rf8 27. Rg1 f5 28. exf5 Bxf5
29. Rbe1 Qd7 30. Rg3 Rf7 31. Nce4 Rbf8 32. Qc3 Bxe4 33. Nxe4 Ne8 34. Kg2 Qf5
35. Qe3 Qd7 36. Bd3 Rf4 37. Rh1 R8f7 38. Bc2 Rf8 39. Rhh3 Qf5 40. Bd3 Qd7 41.
Nc3 Kf7 42. Ne2 Rf5 43. Bxf5 Qxf5 44. Qe4 Qxe4 45. fxe4 Ke7 46. Rf3 1-0

[Event "12. OSIJEK OPEN "]
[Site "Osijek"]
[Date "2019.02.23"]
[Round "5.36"]
[White "Markovic, Marko"]
[Black "Lovakovic, Franjo"]
[Result "0-1"]
[WhiteElo "1489"]
[BlackElo "1859"]
[PlyCount "94"]
[EventDate "2019.02.21"]

1. d4 Nf6 2. c4 e6 3. Nc3 Bb4 4. Bd2 O-O 5. a3 Be7 6. Nf3 b6 7. e4 d6 8. Qc2
Nbd7 9. Bf4 Nh5 10. Bg3 Nxg3 11. hxg3 e5 12. dxe5 dxe5 13. Rd1 Bd6 14. Nb5 Qe7
15. Nxd6 cxd6 16. b4 Bb7 17. Bd3 a5 18. Nh4 g6 19. f4 axb4 20. axb4 Ra3 21. Nf3
Rfa8 22. O-O Nf6 23. fxe5 dxe5 24. Qd2 Ng4 25. Nh2 Ra2 26. Qe1 Bc8 27. Rd2 Ra1
28. Rd1 Rxd1 29. Qxd1 Ne3 30. Qf3 Nxf1 31. Nxf1 Qxb4 32. Ne3 Be6 33. Kh2 Ra3
34. Nc2 Rxd3 35. Nxb4 Rxf3 36. gxf3 Bxc4 37. Nc6 f6 38. g4 h6 39. Nb8 Kf7 40.
Kg3 b5 41. Nc6 Ke6 42. f4 Kd6 43. Nb4 Kc5 44. Na6+ Kd4 45. fxe5 Kxe5 46. Kf3
Kd4 47. Kf4 Bd3 0-1

[Event "12. OSIJEK OPEN"]
[Site "Osijek"]
[Date "2019.02.23"]
[Round "5.37"]
[White "Rogulja, Nikola"]
[Black "Galonja, Igor"]
[Result "1-0"]
[WhiteElo "1352"]
[BlackElo "1856"]
[PlyCount "76"]
[EventDate "2019.02.21"]

1. e4 d5 2. exd5 Nf6 3. Bc4 Nxd5 4. Qf3 Nf6 5. h3 Nc6 6. Ne2 Ne5 7. Qb3 Nxc4 8.
Qxc4 Bd7 9. Nbc3 e6 10. d4 Bd6 11. Be3 O-O 12. O-O-O a6 13. Qd3 Bc6 14. f3 b5
15. Rhf1 b4 16. Ne4 Nxe4 17. fxe4 Bb5 18. Qd2 Qh4 19. e5 Be7 20. Rf4 Qh5 21.
Ng3 b3 22. axb3 Bb4 23. Nxh5 Bxd2+ 24. Bxd2 Be2 25. Ng3 Bxd1 26. Kxd1 a5 27. c3
Rfb8 28. Kc2 a4 29. bxa4 Rxa4 30. Ne4 Kh8 31. Rxf7 Rc4 32. Kd3 Rc6 33. b4 Kg8
34. Rf3 Ra6 35. Nc5 Ra1 36. Nxe6 Rg1 37. Rg3 g6 38. Nxc7 Rf8 1-0

[Event "12. OSIJEK OPEN"]
[Site "Osijek"]
[Date "2019.02.23"]
[Round "5.39"]
[White "Gnjajic, Blagoja"]
[Black "Juric, Mia Ivona"]
[Result "1-0"]
[WhiteElo "1663"]
[BlackElo "1152"]
[PlyCount "118"]
[EventDate "2019.02.21"]

1. e4 e5 2. Nc3 Nf6 3. Bc4 Bc5 4. d3 O-O 5. Bg5 Be7 6. Bxf6 Bxf6 7. Nd5 d6 8.
Nf3 c6 9. Ne3 b5 10. Bb3 Nd7 11. c3 Nc5 12. Bc2 Ne6 13. g3 Bg5 14. Qe2 a5 15.
h4 Be7 16. Nf5 g6 17. Nxe7+ Qxe7 18. d4 b4 19. d5 Ba6 20. Qe3 cxd5 21. exd5 Nc5
22. Qh6 Qf6 23. Ng5 Qg7 24. Qxg7+ Kxg7 25. Ne4 Nxe4 26. Bxe4 f5 27. Bc2 bxc3
28. bxc3 Rac8 29. Kd2 Bb7 30. Bb3 a4 31. Bxa4 Bxd5 32. Rhc1 f4 33. Bb3 Bxb3 34.
axb3 fxg3 35. fxg3 Rf2+ 36. Ke3 Rcf8 37. Ra7+ Kh6 38. Rd7 R8f3+ 39. Ke4 Rxg3
40. Rxd6 Rg4+ 41. Kxe5 Rf5+ 42. Ke6 Re4+ 43. Kd7 Rf7+ 44. Kc6 Rxh4 45. b4 Rc4+
46. Kd5 Rc8 47. Ke6 Kg7 48. c4 Re8+ 49. Kd5 Rf5+ 50. Kc6 Rc8+ 51. Kd7 Rff8 52.
c5 Rcd8+ 53. Kc6 Rc8+ 54. Kb5 Rf7 55. c6 Rb8+ 56. Kc5 Rf5+ 57. Rd5 Rxd5+ 58.
Kxd5 Rxb4 59. c7 Rb5+ 1-0

[Event "12. OSIJEK OPEN "]
[Site "Osijek"]
[Date "2019.02.23"]
[Round "5.41"]
[White "Pergar, Lovro"]
[Black "Zivkovic, Mihael"]
[Result "1-0"]
[WhiteElo "1347"]
[BlackElo "1195"]
[PlyCount "53"]
[EventDate "2019.02.21"]

1. e4 e5 2. Nf3 Nc6 3. Bc4 Bc5 4. Nc3 d6 5. d3 Bg4 6. h3 Bh5 7. Bg5 f6 8. Be3
Bxe3 9. fxe3 Qd7 10. Nxe5 fxe5 11. Qxh5+ g6 12. Qg5 Nge7 13. O-O O-O-O 14. Rf6
Kb8 15. a4 h6 16. Qg3 Rdf8 17. Raf1 Qe8 18. Qf3 Rxf6 19. Qxf6 a6 20. Nd5 g5 21.
b4 Ng6 22. Qg7 Nce7 23. Nxe7 Nxe7 24. Rf7 Nc6 25. Rxc7 Rg8 26. Rxb7+ Ka8 27.
Bxg8 1-0

[Event "12. OSIJEK OPEN"]
[Site "Osijek"]
[Date "2019.02.23"]
[Round "5.42"]
[White "Mandaric, Duje"]
[Black "Dankos, Mislav"]
[Result "0-1"]
[WhiteElo "1045"]
[BlackElo "1362"]
[PlyCount "54"]
[EventDate "2019.02.21"]

1. e4 e5 2. Nf3 Nc6 3. Bc4 Bc5 4. c3 Nf6 5. d4 exd4 6. cxd4 Bb4+ 7. Nc3 Nxe4 8.
O-O Nxc3 9. bxc3 Bxc3 10. Rb1 O-O 11. d5 Na5 12. Bd3 c6 13. Qc2 Bf6 14. Bxh7+
Kh8 15. Be4 cxd5 16. Bxd5 Nc6 17. Bxc6 dxc6 18. Bf4 Qe7 19. Rfd1 Bg4 20. Bd6
Qe6 21. Bxf8 Bxf3 22. Re1 Qg4 23. g3 Qh3 24. Bxg7+ Bxg7 25. Re8+ Rxe8 26. Qh7+
Kxh7 27. Re1 Qg2# 0-1